[Event "Chessable Masters Div 3 L"]
[Site "chess.com INT"]
[Date "2023.04.04"]
[Round "2.1"]
[White "Salem, A.R. Saleh"]
[Black "Sevian, Samuel"]
[Result "1/2-1/2"]
[WhiteTitle "GM"]
[BlackTitle "GM"]
[WhiteElo "2677"]
[BlackElo "2684"]
[WhiteFideId "9301348"]
[BlackFideId "2040506"]
[EventDate "2023.04.04"]
[EventType "k.o."]

1. d4 Nf6 2. c4 e6 3. Nf3 d5 4. Nc3 c6 5. e3 Nbd7 6. Qc2 Bd6 7. Bd3 O-O 8. O-O
dxc4 9. Bxc4 b5 10. Be2 a6 11. Rd1 Qc7 12. e4 e5 13. dxe5 Nxe5 14. Nxe5 Bxe5 15.
g3 Re8 16. Bf3 Bb7 17. Be3 h6 18. Rac1 Bxc3 19. Qxc3 Nxe4 20. Qd4 c5 21. Qd7
Qxd7 22. Rxd7 Bc6 23. Rc7 Rac8 24. Ra7 Ra8 25. Rc7 Rac8 26. Ra7 Ra8 27. Rc7 1/2-1/2

[Event "Chessable Masters Div 3 L"]
[Site "chess.com INT"]
[Date "2023.04.04"]
[Round "2.2"]
[White "Sevian, Samuel"]
[Black "Salem, A.R. Saleh"]
[Result "1/2-1/2"]
[WhiteTitle "GM"]
[BlackTitle "GM"]
[WhiteElo "2684"]
[BlackElo "2677"]
[WhiteFideId "2040506"]
[BlackFideId "9301348"]
[EventDate "2023.04.04"]
[EventType "k.o."]

1. c4 c5 2. Nc3 g6 3. g3 Bg7 4. Bg2 Nc6 5. d3 d6 6. Qd2 e6 7. h4 h6 8. b3 Nge7
9. Bb2 O-O 10. Nh3 e5 11. Nd5 Nxd5 12. cxd5 Ne7 13. f4 Nf5 14. Kf2 Qb6 15. fxe5
dxe5 16. e3 a5 17. Rab1 a4 18. Ba1 axb3 19. Rxb3 Qa6 20. a3 Nd6 21. Rc1 c4 22.
Rbc3 cxd3 23. Qxd3 Qxd3 24. Rxd3 Bf5 25. Rb3 Rfc8 26. Rxc8+ Rxc8 27. Ng1 Ne4+
28. Bxe4 Bxe4 29. Rxb7 Bxd5 30. Rb2 Rc1 31. Rd2 Rxa1 32. Rxd5 Rxa3 33. Nf3 Ra2+
34. Kf1 e4 35. Nd2 Ra4 36. Rd8+ Kh7 37. Rd7 Kg8 38. Rd8+ Bf8 39. g4 Kg7 40. Re8
f5 41. gxf5 gxf5 42. Nb3 Kf7 43. Re5 Kf6 44. Rb5 Rb4 45. Rxb4 Bxb4 46. Kf2 Ke5
47. Nd4 Be7 48. h5 Bc5 49. Ne2 Kf6 50. Nf4 Bd6 51. Nh3 Bc7 52. Kg2 Bb6 53. Kf2
Bc5 54. Ke2 Ke5 55. Kf2 Be7 56. Ke2 Bh4 57. Kf1 Kd5 58. Nf4+ Kc4 59. Ke2 Kc5 60.
Nh3 Bg3 61. Ng1 Kd5 62. Nh3 Ke5 63. Kf1 Kf6 64. Kg2 Be5 65. Kf2 Bd6 66. Ke2 Bc7
67. Kf2 Bb8 68. Ke2 Ba7 69. Kf2 Ke5 70. Ke2 Bb8 71. Nf4 Bd6 72. Nh3 Kd5 73. Kf2
Kc4 74. Ke2 Kc3 75. Ng1 Be5 76. Nh3 Bh2 77. Nf2 Kc4 78. Nh3 Bg3 79. Ng1 Kd5 80.
Nh3 Bc7 81. Nf2 Bb6 82. Nh3 Ke5 83. Nf4 Bc5 84. Nh3 Ba3 85. Nf4 Kf6 86. Nh3 Bc1
87. Kf2 Bd2 88. Ke2 Ba5 89. Kf2 Bc7 90. Ke2 Bg3 91. Kf1 f4 92. exf4 Kf5 93. Kg2
Bxf4 94. Nf2 e3 95. Kf3 exf2 96. Kxf2 Kg4 97. Kg2 Bg3 98. Kh1 Kh3 99. Kg1 Bf4
100. Kh1 Kg4 101. Kg1 Kxh5 102. Kh1 Kg4 103. Kg1 h5 104. Kh1 h4 105. Kg1 h3 106.
Kh1 Bg3 107. Kg1 Kf3 108. Kh1 Kf2 1/2-1/2

[Event "Chessable Masters Div 3 L"]
[Site "chess.com INT"]
[Date "2023.04.04"]
[Round "2.3"]
[White "Salem, A.R. Saleh"]
[Black "Sevian, Samuel"]
[Result "1/2-1/2"]
[WhiteTitle "GM"]
[BlackTitle "GM"]
[WhiteElo "2677"]
[BlackElo "2684"]
[WhiteFideId "9301348"]
[BlackFideId "2040506"]
[EventDate "2023.04.04"]
[EventType "k.o."]

1. d4 Nf6 2. c4 e6 3. Nc3 Bb4 4. a3 Bxc3+ 5. bxc3 b6 6. f3 Nc6 7. e4 Ba6 8. Bg5
h6 9. Bh4 Na5 10. e5 g5 11. Bf2 Ng8 12. h4 Bxc4 13. Bxc4 Nxc4 14. Qa4 Na5 15.
Ne2 Rh7 16. Rd1 Rg7 17. hxg5 Qxg5 18. g4 O-O-O 19. Rh5 Qg6 20. Nf4 Qh7 21. Bh4
Re8 22. Kf2 Rg6 23. c4 f5 24. gxf5 exf5 25. Qc2 Rf8 26. d5 Qf7 27. c5 Nb7 28. c6
dxc6 29. dxc6 Re6 30. cxb7+ Kxb7 31. Nxe6 Qxe6 32. Rd8 Rxd8 33. Bxd8 Qxe5 34.
Qxc7+ Qxc7 35. Bxc7 Kxc7 36. Rxf5 Kd6 37. Rf8 Ne7 38. Rf6+ Kc5 39. Rxh6 Nd5 40.
Rh5 Kc4 41. f4 a5 42. f5 b5 43. Ke1 b4 44. axb4 axb4 45. Rh6 b3 46. Kd2 b2 47.
Rh1 Kd4 48. Re1 Nc3 49. f6 b1=Q 50. Rxb1 Ne4+ 51. Ke2 Nxf6 52. Kf3 Nd5 53. Rh1
Ke5 54. Rh4 Nf6 55. Rb4 Nd5 56. Rb5 Kd4 57. Rb1 Ke5 58. Rb8 Kd4 59. Rd8 Ke5 60.
Re8+ Kd4 61. Re4+ Kd3 62. Re5 Kd4 63. Rf5 Nc3 64. Rf4+ Ke5 65. Rh4 Nd5 66. Rh5+
Kd4 67. Rh1 Ke5 68. Rd1 Nc3 69. Re1+ Kd4 70. Kf4 Nd5+ 71. Kf5 Nc3 72. Ke6 Ne4
73. Ra1 Nc5+ 74. Kf5 Nd3 75. Rd1 Ke3 76. Rh1 Kd4 77. Rh3 Nc5 78. Rh8 Nd3 79.
Rd8+ Ke3 80. Rd7 Nf2 81. Re7+ Kd4 82. Ra7 Nd3 83. Ra4+ Ke3 84. Re4+ Kd2 85. Re8
Kc3 86. Rd8 Nc5 87. Kf4 Kc4 88. Ke3 Ne6 89. Rd6 Nc5 90. Rd4+ Kb5 91. Rd5 Kc6 92.
Kd4 Ne6+ 93. Kc4 Nc7 94. Rh5 Kd6 95. Rh6+ Ke5 96. Kd3 Nd5 97. Ke2 Nf4+ 98. Kf3
Nd5 99. Rh5+ Kd4 100. Kg4 Ke4 101. Rh8 Nf6+ 1/2-1/2

[Event "Chessable Masters Div 3 L"]
[Site "chess.com INT"]
[Date "2023.04.04"]
[Round "2.1"]
[White "Pantsulaia, Levan"]
[Black "Bluebaum, Matthias"]
[Result "1/2-1/2"]
[WhiteTitle "GM"]
[BlackTitle "GM"]
[WhiteElo "2597"]
[BlackElo "2660"]
[WhiteFideId "13602071"]
[BlackFideId "24651516"]
[EventDate "2023.04.04"]
[EventType "k.o."]

1. Nf3 d5 2. c4 e6 3. g3 Nf6 4. Bg2 Nc6 5. O-O Bd6 6. b3 O-O 7. Bb2 d4 8. d3 e5
9. Na3 Re8 10. Nc2 Bf5 11. a3 a5 12. e3 Bc5 13. exd4 exd4 14. b4 axb4 15. axb4
Rxa1 16. Bxa1 Nxb4 17. Nxb4 Bxb4 18. Nxd4 Bc8 19. Qb1 c5 20. h3 h5 21. Nc2 Qxd3
22. Nxb4 Qxb1 23. Rxb1 Bf5 24. Nc2 Bxc2 25. Rc1 Bf5 26. Bxf6 gxf6 27. Bxb7 Bxh3
28. Rb1 Be6 29. Rb5 Rb8 30. Bf3 Rc8 31. Be2 Kg7 32. f4 Bg4 33. Bf1 Bd7 34. Ra5
Kg6 35. Kf2 Be6 36. Bd3+ f5 37. Be2 Rc7 38. Ke3 Rc8 39. Rb5 Kf6 40. Ra5 Ke7 41.
Ra7+ Kf6 42. Ra5 Rc6 43. Bf3 Rc7 44. Be2 Ke7 45. Kd3 Rd7+ 46. Ke3 Kd6 47. Ra6+
Kc7 48. Ra7+ Kc6 49. Rxd7 Kxd7 50. Kd3 1/2-1/2

[Event "Chessable Masters Div 3 L"]
[Site "chess.com INT"]
[Date "2023.04.04"]
[Round "2.2"]
[White "Bluebaum, Matthias"]
[Black "Pantsulaia, Levan"]
[Result "1-0"]
[WhiteTitle "GM"]
[BlackTitle "GM"]
[WhiteElo "2660"]
[BlackElo "2597"]
[WhiteFideId "24651516"]
[BlackFideId "13602071"]
[EventDate "2023.04.04"]
[EventType "k.o."]

1. d4 c5 2. d5 g6 3. c4 Bg7 4. e4 d6 5. Nc3 Bxc3+ 6. bxc3 e5 7. dxe6 Bxe6 8. Rb1
b6 9. Bd3 Nc6 10. Ne2 Nf6 11. O-O Nh5 12. f4 Bg4 13. Qe1 Bxe2 14. Bxe2 Ng7 15.
f5 O-O 16. f6 Ne6 17. Qh4 Ne5 18. Bf4 Kh8 19. Bxe5 dxe5 20. Rbd1 Qc7 21. Rd3 g5
22. Qh5 Rg8 23. Rh3 Nf8 24. Bg4 Rg6 25. Bf5 Rxf6 26. Bxh7 Rxf1+ 27. Kxf1 Kg7 28.
Qh6+ 1-0

[Event "Chessable Masters Div 3 L"]
[Site "chess.com INT"]
[Date "2023.04.04"]
[Round "2.1"]
[White "Fier, Alexandr"]
[Black "Michalik, Peter"]
[Result "1/2-1/2"]
[WhiteTitle "GM"]
[BlackTitle "GM"]
[WhiteElo "2599"]
[BlackElo "2576"]
[WhiteFideId "2107139"]
[BlackFideId "14907526"]
[EventDate "2023.04.04"]
[EventType "k.o."]

1. e4 e5 2. Nf3 Nc6 3. Bc4 Bc5 4. d3 Nf6 5. Bg5 h6 6. Bh4 Be7 7. Bg3 d6 8. a4 a5
9. Nc3 O-O 10. h3 Be6 11. O-O Nd7 12. Nd5 Nb4 13. Nxe7+ Qxe7 14. Bxe6 Qxe6 15.
c3 Nc6 16. Re1 Rae8 17. d4 Qc4 18. d5 Ne7 19. Nd2 Qa6 20. f3 f5 21. Bf2 Nf6 22.
Qb3 b6 23. exf5 Nxf5 24. Ne4 Ne7 25. Rad1 Qc8 26. Qc4 Qb7 27. Nxf6+ Rxf6 28. Re4
Kh8 29. Qb5 Ref8 30. b4 Ra8 31. Rc4 Ng6 32. Qd7 Rc8 33. Rg4 Rcf8 34. Rc4 R6f7
35. Qc6 Qa6 36. Qb5 Qxb5 37. axb5 axb4 38. cxb4 Ra8 39. Rdc1 Ra7 40. Be3 Rd7 41.
f4 Rf7 42. fxe5 Nxe5 43. R4c3 Kg8 44. Rf1 Rxf1+ 45. Kxf1 Ng6 46. Ke2 Ne7 47. Rd3
Kf7 48. g4 Ke8 49. Bd2 Kd7 50. Bc3 Ra2+ 51. Kf3 Ra3 52. Ke4 g6 53. Kd4 Ra2 54.
Kc4 Rf2 55. Re3 Rf4+ 56. Bd4 h5 57. Rg3 Ke8 58. Rg2 Rf3 59. Re2 Kd7 60. Re3 Rf4
61. Rg3 Ke8 62. Rg2 Rf3 63. Re2 Kf7 64. Rf2 Rxf2 65. Bxf2 hxg4 66. hxg4 g5 67.
Kd4 Ng8 68. Ke4 Kg6 69. Bd4 Ne7 70. Be3 Kf6 71. Bd4+ Kf7 72. Be3 Kg6 73. Bd4 Ng8
74. Bc3 Nh6 75. Kf3 Kf7 76. Bd2 Kf6 77. Bc3+ Kg6 78. Bd4 Ng8 79. Ke4 Ne7 80. Be3
Nc8 81. Kd3 Ne7 82. Ke4 1/2-1/2

[Event "Chessable Masters Div 3 L"]
[Site "chess.com INT"]
[Date "2023.04.04"]
[Round "2.2"]
[White "Michalik, Peter"]
[Black "Fier, Alexandr"]
[Result "1/2-1/2"]
[WhiteTitle "GM"]
[BlackTitle "GM"]
[WhiteElo "2576"]
[BlackElo "2599"]
[WhiteFideId "14907526"]
[BlackFideId "2107139"]
[EventDate "2023.04.04"]
[EventType "k.o."]

1. d4 d5 2. c4 e6 3. Nf3 c6 4. Qc2 dxc4 5. Qxc4 Nf6 6. g3 b5 7. Qc2 Bb7 8. Bg2
Nbd7 9. a4 c5 10. dxc5 Nxc5 11. O-O Nxa4 12. b3 Nb6 13. Rd1 Qc8 14. Qxc8+ Nxc8
15. Nc3 a6 16. Ne5 Bxg2 17. Kxg2 Nb6 18. Be3 Nfd5 19. Bxb6 Nxb6 20. Ne4 Nd5 21.
Rdc1 Bb4 22. Rxa6 O-O 23. Rca1 Rac8 24. Ra7 Rc2 25. R1a2 Rxa2 26. Rxa2 Nc3 27.
Nxc3 Bxc3 28. Nc6 g6 29. Rc2 b4 30. Ra2 Kg7 31. Ra6 g5 32. h3 h5 33. g4 hxg4 34.
hxg4 f5 35. gxf5 exf5 36. Rb6 Re8 37. e3 Re4 38. Nd8 Bf6 39. Ne6+ Kf7 40. Nc5
Rg4+ 41. Kf3 Rh4 42. Rb7+ Kg6 43. Nd7 Bc3 44. Nb6 Rh1 45. Nd5 Rb1 46. Rb6+ Kf7
47. Nxb4 1/2-1/2

[Event "Chessable Masters Div 3 L"]
[Site "chess.com INT"]
[Date "2023.04.04"]
[Round "2.3"]
[White "Fier, Alexandr"]
[Black "Michalik, Peter"]
[Result "1-0"]
[WhiteTitle "GM"]
[BlackTitle "GM"]
[WhiteElo "2599"]
[BlackElo "2576"]
[WhiteFideId "2107139"]
[BlackFideId "14907526"]
[EventDate "2023.04.04"]
[EventType "k.o."]

1. e4 e5 2. Nf3 Nc6 3. Bc4 Bc5 4. d3 Nf6 5. c3 O-O 6. Bg5 h6 7. Bh4 Be7 8. Nbd2
d6 9. a4 a5 10. Qe2 Be6 11. Bxf6 Bxf6 12. Bxe6 fxe6 13. O-O Rf7 14. g3 Qd7 15.
h4 Raf8 16. Kg2 Bd8 17. Ng1 Kh7 18. Qg4 Ne7 19. Ndf3 Ng8 20. Qh3 Kh8 21. Nh2 Nf6
22. Ng4 Nxg4 23. Qxg4 Rf6 24. h5 Qf7 25. Nh3 c6 26. d4 exd4 27. cxd4 e5 28. dxe5
dxe5 29. Rad1 Qc4 30. Rd7 R6f7 31. Rxf7 Rxf7 32. Rd1 Bb6 33. Rd6 Qc5 34. Qg6 Re7
35. Rd3 Qc4 36. Rf3 Kg8 37. Ng5 1-0

[Event "Chessable Masters Div 3 L"]
[Site "chess.com INT"]
[Date "2023.04.04"]
[Round "2.1"]
[White "Paravyan, David"]
[Black "Makarian, Rudik"]
[Result "1-0"]
[WhiteTitle "GM"]
[BlackTitle "IM"]
[WhiteElo "2601"]
[BlackElo "2547"]
[WhiteFideId "4194985"]
[BlackFideId "44105681"]
[EventDate "2023.04.04"]
[EventType "k.o."]

1. e4 c5 2. Nf3 Nc6 3. Bb5 e6 4. O-O Nd4 5. Nxd4 cxd4 6. c3 a6 7. Bd3 Bc5 8. b4
Ba7 9. Bb2 Ne7 10. Na3 d5 11. exd5 Nxd5 12. Be4 O-O 13. Qf3 b5 14. c4 bxc4 15.
Nxc4 Rb8 16. Bxd5 exd5 17. Na5 Qd6 18. a3 Qg6 19. Rfc1 Bg4 20. Qg3 Rbc8 21. h3
Bd7 22. Qxg6 fxg6 23. Rxc8 Rxc8 24. Nb3 d3 25. Bd4 Bxd4 26. Nxd4 Rc4 27. Nf3 Rc2
28. a4 Rb2 29. b5 axb5 30. a5 Rb4 31. Ne5 Bc8 32. Rc1 Rc4 33. Rb1 Ba6 34. Nxd3
Ra4 35. Nb4 Rxa5 36. Nxd5 Bb7 37. Nc3 Bc6 38. f3 Kf7 39. Kf2 Ke6 40. Ke3 Kd6 41.
Kd4 h6 42. h4 Ra8 43. Nxb5+ Bxb5 44. Rxb5 Ra4+ 45. Ke3 Rxh4 46. Rb6+ Ke7 47.
Rxg6 Kf7 48. Rc6 Rh2 49. g4 g5 50. d4 h5 51. gxh5 Rxh5 52. Rc5 Kf6 53. Rc6+ Kf5
54. Ra6 Rh3 55. Ra5+ Kf6 56. Ke4 Rh4+ 57. Kd5 Rf4 58. Ra3 Ke7 59. Ke5 Kd7 60. d5
Kc8 61. d6 Kd7 62. Ra7+ Kc6 63. Rc7+ Kb6 64. Rc3 Rf8 65. d7 1-0

[Event "Chessable Masters Div 3 L"]
[Site "chess.com INT"]
[Date "2023.04.04"]
[Round "2.2"]
[White "Makarian, Rudik"]
[Black "Paravyan, David"]
[Result "0-1"]
[WhiteTitle "IM"]
[BlackTitle "GM"]
[WhiteElo "2547"]
[BlackElo "2601"]
[WhiteFideId "44105681"]
[BlackFideId "4194985"]
[EventDate "2023.04.04"]
[EventType "k.o."]

1. c4 c5 2. Nc3 Nc6 3. g3 g6 4. Bg2 Bg7 5. Nf3 e6 6. d4 Nxd4 7. Nxd4 cxd4 8. Ne4
d5 9. Qa4+ Kf8 10. Qa3+ Qe7 11. Nd6 Be5 12. c5 h5 13. O-O Nh6 14. Bxh6+ Rxh6 15.
f4 Bf6 16. Rac1 Kg7 17. b4 Rh8 18. h3 b6 19. g4 hxg4 20. hxg4 bxc5 21. bxc5 d3
22. Qxd3 Ba6 23. Qd2 Kg8 24. g5 Bg7 25. Rf3 Rh4 26. e4 dxe4 27. Ra3 Be2 28. Bxe4
Rb8 29. Rb3 Rxb3 30. axb3 Ba6 31. c6 Bf8 32. Nb7 Qc7 33. Nc5 Bxc5+ 34. Rxc5 Rxf4
35. Bg2 Rg4 36. Rc2 Kf8 37. Qc3 Rxg5 38. Qh8+ Ke7 39. Qh4 Qb6+ 40. Kh2 Qe3 41.
c7 Qe5+ 42. Kg1 Qa1+ 43. Kf2 Qf6+ 44. Bf3 Rg2+ 45. Kxg2 Qxh4 46. Rc6 0-1

[Event "Chessable Masters Div 3 L"]
[Site "chess.com INT"]
[Date "2023.04.05"]
[Round "3.1"]
[White "Anton Guijarro, David"]
[Black "Vallejo Pons, Francisco"]
[Result "1-0"]
[WhiteTitle "GM"]
[BlackTitle "GM"]
[WhiteElo "2690"]
[BlackElo "2712"]
[WhiteFideId "2285525"]
[BlackFideId "2205530"]
[EventDate "2023.04.04"]
[EventType "k.o."]

1. e4 c5 2. Nf3 e6 3. d4 cxd4 4. Nxd4 a6 5. Bd3 Bc5 6. Nb3 Ba7 7. c4 Ne7 8. Nc3
O-O 9. O-O Nbc6 10. Bg5 h6 11. Bh4 d6 12. Rc1 e5 13. Nd5 Be6 14. Kh1 g5 15. Bg3
Ng6 16. c5 Kg7 17. f3 Nf4 18. Nxf4 exf4 19. Bf2 Ne5 20. Be2 Rc8 21. g3 Bxb3 22.
Qxb3 Bxc5 23. gxf4 gxf4 24. Bxc5 Rxc5 25. Qxb7 Qb8 26. Qxa6 Rxc1 27. Rxc1 Qxb2
28. Rg1+ Kh7 29. Qxd6 Rg8 30. Rxg8 Kxg8 31. Qa6 Ng6 32. Kg2 Qg7 33. Kh3 Qe5 34.
Qc8+ Kg7 35. Qf5 Qd4 36. Qd5 Qf2 37. Qd1 h5 38. a4 Kf8 39. Qd8+ Kg7 40. Qd1 Kg8
41. Qf1 Qd4 42. a5 Qd7+ 43. Kg2 Ne5 44. a6 Kf8 45. Kh1 Qa4 46. Qd1 Kg7 47. Qxa4 1-0

[Event "Chessable Masters Div 3 L"]
[Site "chess.com INT"]
[Date "2023.04.05"]
[Round "3.2"]
[White "Vallejo Pons, Francisco"]
[Black "Anton Guijarro, David"]
[Result "1-0"]
[WhiteTitle "GM"]
[BlackTitle "GM"]
[WhiteElo "2712"]
[BlackElo "2690"]
[WhiteFideId "2205530"]
[BlackFideId "2285525"]
[EventDate "2023.04.04"]
[EventType "k.o."]

1. e4 c6 2. d4 d5 3. f3 e6 4. Nc3 Bb4 5. a3 Bxc3+ 6. bxc3 Ne7 7. a4 b6 8. h4 Ba6
9. Bxa6 Nxa6 10. h5 h6 11. Rh3 O-O 12. Rg3 Kh8 13. Qd2 f5 14. e5 Qe8 15. Ne2
Qxh5 16. Kf2 c5 17. Rh3 Qf7 18. Qd3 Nc7 19. Bg5 Ng8 20. Rah1 Rac8 21. Qd2 Ne7
22. Rxh6+ gxh6 23. Bf6+ Kg8 24. Rxh6 Ng6 25. Qg5 1-0

[Event "Chessable Masters Div 3 L"]
[Site "chess.com INT"]
[Date "2023.04.05"]
[Round "3.3"]
[White "Anton Guijarro, David"]
[Black "Vallejo Pons, Francisco"]
[Result "1-0"]
[WhiteTitle "GM"]
[BlackTitle "GM"]
[WhiteElo "2690"]
[BlackElo "2712"]
[WhiteFideId "2285525"]
[BlackFideId "2205530"]
[EventDate "2023.04.04"]
[EventType "k.o."]

1. e4 e6 2. d4 d5 3. Nc3 dxe4 4. Nxe4 Nd7 5. Nf3 Ngf6 6. Nxf6+ Nxf6 7. Be3 a6 8.
Bd3 b5 9. a4 b4 10. Qe2 Bb7 11. O-O Be7 12. c4 bxc3 13. bxc3 O-O 14. Rfb1 Bxf3
15. Qxf3 Nd5 16. Bd2 a5 17. Qh3 g6 18. Bh6 Nxc3 19. Bxf8 Bxf8 20. Bxg6 Ne2+ 21.
Kf1 hxg6 22. Kxe2 Qxd4 23. Qe3 Qd5 24. Qf3 Bb4 25. Rd1 Qc4+ 26. Qd3 Qh4 27. g3
Qg4+ 28. Kf1 c5 29. Rac1 Kg7 30. h4 Rh8 31. Rc4 Qh3+ 32. Kg1 Rh5 33. Qf3 Rf5 34.
Rf4 c4 35. Rxf5 gxf5 36. Qf4 Qg4 37. Qxg4+ fxg4 38. Rd4 c3 39. Rxg4+ Kf6 40. Rc4
Ke5 41. Kf1 Kd5 42. Rc8 Bc5 43. Ke2 c2 44. Rxc5+ Kxc5 45. Kd2 Kb4 46. Kxc2 Kxa4
47. h5 1-0

[Event "Chessable Masters Div 3 L"]
[Site "chess.com INT"]
[Date "2023.04.05"]
[Round "3.1"]
[White "Alonso Rosell, Alvar"]
[Black "Kravtsiv, Martyn"]
[Result "1-0"]
[WhiteTitle "GM"]
[BlackTitle "GM"]
[WhiteElo "2566"]
[BlackElo "2598"]
[WhiteFideId "2270544"]
[BlackFideId "14113147"]
[EventDate "2023.04.04"]
[EventType "k.o."]

1. d4 Nf6 2. c4 e6 3. Nf3 d5 4. g3 Be7 5. Bg2 O-O 6. O-O c6 7. Nc3 a5 8. b3 b6
9. Bb2 Ba6 10. a3 Nbd7 11. Re1 dxc4 12. bxc4 Bxc4 13. Nd2 Ba6 14. Bxc6 Rc8 15.
Bb5 Nb8 16. e4 Ne8 17. Bxa6 Nxa6 18. Qe2 Nb8 19. Rad1 Nd6 20. e5 Nf5 21. Nf3 Qe8
22. d5 exd5 23. Nxd5 Bc5 24. Qe4 Qe6 25. Rd3 Ne7 26. Ng5 Qg6 27. Qxg6 hxg6 28.
Ne4 Nxd5 29. Rxd5 Rfd8 30. Red1 Rxd5 31. Rxd5 Be7 32. Bd4 Rc6 33. Nc3 Rc4 34.
Nb5 Rc6 35. a4 f6 36. Na7 Rc1+ 37. Kg2 Rd1 38. Kf3 fxe5 39. Rxe5 Bf6 40. Re8+
Kf7 41. Rxb8 Rxd4 42. Rb7+ Kg8 43. Rxb6 Rxa4 44. Nc8 Rb4 45. Ra6 a4 46. Nd6 Rb3+
47. Kg4 a3 48. Ra8+ Kh7 49. f4 g5 50. f5 g6 51. Ra7+ Kg8 52. fxg6 Rb6 53. Nf5
Bb2 54. Ra8+ 1-0

[Event "Chessable Masters Div 3 L"]
[Site "chess.com INT"]
[Date "2023.04.05"]
[Round "3.2"]
[White "Kravtsiv, Martyn"]
[Black "Alonso Rosell, Alvar"]
[Result "0-1"]
[WhiteTitle "GM"]
[BlackTitle "GM"]
[WhiteElo "2598"]
[BlackElo "2566"]
[WhiteFideId "14113147"]
[BlackFideId "2270544"]
[EventDate "2023.04.04"]
[EventType "k.o."]

1. e4 e5 2. Nf3 Nc6 3. Nc3 Nf6 4. Bb5 Bd6 5. d3 a6 6. Bc4 Bc5 7. Bg5 h6 8. Bh4
Be7 9. d4 exd4 10. Nxd4 d6 11. Nxc6 bxc6 12. O-O O-O 13. Re1 Nd7 14. Bxe7 Qxe7
15. f4 d5 16. Bd3 Qc5+ 17. Kh1 Nf6 18. Qf3 dxe4 19. Nxe4 Nxe4 20. Qxe4 g6 21.
Qe7 Qd6 22. Re5 Rb8 23. b3 Rb4 24. Rf1 Be6 25. Qxd6 cxd6 26. Ra5 Bc8 27. c3 Rb6
28. Re1 Be6 29. Re2 c5 30. Rxa6 Rxa6 31. Bxa6 Ra8 32. Bb7 Ra7 33. Bc6 Bxb3 34.
a4 Bxa4 35. Ra2 Re7 0-1

[Event "Chessable Masters Div 3 L"]
[Site "chess.com INT"]
[Date "2023.04.05"]
[Round "3.1"]
[White "Sevian, Samuel"]
[Black "Bluebaum, Matthias"]
[Result "0-1"]
[WhiteTitle "GM"]
[BlackTitle "GM"]
[WhiteElo "2684"]
[BlackElo "2660"]
[WhiteFideId "2040506"]
[BlackFideId "24651516"]
[EventDate "2023.04.04"]
[EventType "k.o."]

1. b4 d5 2. Bb2 Bf5 3. e3 e6 4. a3 Nf6 5. Nf3 c6 6. c4 a5 7. b5 Be7 8. Nc3 O-O
9. d4 Ne4 10. Be2 Nxc3 11. Bxc3 cxb5 12. cxb5 Nd7 13. O-O Qb6 14. Qa4 Rfc8 15.
Rfc1 Qd8 16. Nd2 Nb6 17. Qb3 a4 18. Qb2 Qf8 19. h3 h6 20. Nf3 Rc7 21. Nd2 Rac8
22. Bf1 Bd6 23. Be2 Qe7 24. Bd1 Qf8 25. Be2 g5 26. Bd1 Bd3 27. Bh5 Qe7 28. Bd1
Qf8 29. Bh5 Qe8 30. Bd1 Qxb5 31. Qxb5 Bxb5 32. Rcb1 Rxc3 33. Rxb5 Rc1 34. Rxc1
Rxc1 35. Rb1 Bxa3 36. Rxc1 Bxc1 37. Nb1 a3 38. Bb3 Nc4 39. Nc3 Bd2 40. Na2 b5
41. Kf1 Na5 0-1

[Event "Chessable Masters Div 3 L"]
[Site "chess.com INT"]
[Date "2023.04.05"]
[Round "3.2"]
[White "Bluebaum, Matthias"]
[Black "Sevian, Samuel"]
[Result "1-0"]
[WhiteTitle "GM"]
[BlackTitle "GM"]
[WhiteElo "2660"]
[BlackElo "2684"]
[WhiteFideId "24651516"]
[BlackFideId "2040506"]
[EventDate "2023.04.04"]
[EventType "k.o."]

1. d4 b5 2. e4 a6 3. a4 b4 4. Nf3 Bb7 5. Bd3 e6 6. O-O Be7 7. Nbd2 Nf6 8. Qe2 d5
9. c4 bxc3 10. bxc3 c5 11. Rb1 Bc6 12. e5 Nfd7 13. c4 cxd4 14. Nxd4 dxc4 15.
Nxc4 Bd5 16. Ne3 Nc5 17. Nxd5 Qxd5 18. Rd1 Nbd7 19. Bc2 Qxe5 20. Qf3 Rc8 21. Bb2
Qg5 22. Nc6 Bf6 23. Bc1 Qh4 24. Rb4 Ne5 25. Qe2 Nxc6 26. Rxh4 Bxh4 27. Bb2 Bf6
28. Bxf6 gxf6 29. Qe3 Ne7 30. Qd4 Nd5 31. Re1 Kf8 32. Bd1 Nd7 33. Bf3 Rc5 34. h3
Rg8 35. Qh4 Ne7 36. Rd1 Rc6 1-0

[Event "Chessable Masters Div 3 L"]
[Site "chess.com INT"]
[Date "2023.04.05"]
[Round "3.1"]
[White "Fier, Alexandr"]
[Black "Paravyan, David"]
[Result "1/2-1/2"]
[WhiteTitle "GM"]
[BlackTitle "GM"]
[WhiteElo "2599"]
[BlackElo "2601"]
[WhiteFideId "2107139"]
[BlackFideId "4194985"]
[EventDate "2023.04.04"]
[EventType "k.o."]

1. e4 e5 2. Nf3 Nf6 3. d4 Nxe4 4. dxe5 Bc5 5. Bc4 Nxf2 6. Bxf7+ Kxf7 7. Qd5+ Kg6
8. Qxc5 Nxh1 9. Nc3 h6 10. Qc4 Kh7 11. Nd5 Re8 12. Bg5 hxg5 13. h4 Rf8 14. Qe4+
g6 15. h5 Qe8 16. Nxg5+ Kg8 17. O-O-O Nc6 18. hxg6 Nf2 19. Qh4 Qxg6 20. Nf6+ Kg7
21. Nh5+ Kg8 22. Nf6+ Kg7 23. Nh5+ Kg8 24. Nf6+ 1/2-1/2

[Event "Chessable Masters Div 3 L"]
[Site "chess.com INT"]
[Date "2023.04.05"]
[Round "3.2"]
[White "Paravyan, David"]
[Black "Fier, Alexandr"]
[Result "1-0"]
[WhiteTitle "GM"]
[BlackTitle "GM"]
[WhiteElo "2601"]
[BlackElo "2599"]
[WhiteFideId "4194985"]
[BlackFideId "2107139"]
[EventDate "2023.04.04"]
[EventType "k.o."]

1. e4 c5 2. Nf3 Nc6 3. Bb5 g6 4. Bxc6 bxc6 5. d4 cxd4 6. Qxd4 f6 7. O-O d6 8.
Qa4 Bd7 9. c4 c5 10. Qa3 Nh6 11. Nc3 Nf7 12. Be3 a5 13. Rad1 Bg7 14. Rd3 f5 15.
exf5 Bxf5 16. Rd2 Qb8 17. Nd5 Qb7 18. Re1 O-O 19. Bg5 e6 20. Ne7+ Kh8 21. Nxf5
gxf5 22. Rxe6 Rg8 23. Re7 1-0

[Event "Chessable Masters Div 3 L"]
[Site "chess.com INT"]
[Date "2023.04.05"]
[Round "4.1"]
[White "Wei, Yi"]
[Black "Anton Guijarro, David"]
[Result "1-0"]
[WhiteTitle "GM"]
[BlackTitle "GM"]
[WhiteElo "2722"]
[BlackElo "2690"]
[WhiteFideId "8603405"]
[BlackFideId "2285525"]
[EventDate "2023.04.04"]
[EventType "k.o."]

1. e4 c6 2. d4 d5 3. e5 Bf5 4. Nf3 e6 5. Be2 c5 6. O-O Nc6 7. c3 Bg4 8. Nbd2
cxd4 9. Nxd4 Bxe2 10. Qxe2 Nge7 11. N2f3 Nxd4 12. cxd4 Nc6 13. h4 Be7 14. h5 h6
15. Bf4 Qb6 16. Rfd1 a5 17. Qe3 a4 18. Rab1 Kd7 19. Ne1 Rhc8 20. b4 axb3 21.
Rxb3 Qa6 22. Qg3 Qxa2 23. Rxb7+ Rc7 24. Rxc7+ Kxc7 25. Qxg7 Qe2 26. Rc1 Qxh5 27.
Qg3 Kd7 28. Qb3 Rc8 29. Qb5 Qg4 30. Nd3 h5 31. f3 Qg8 32. Bd2 Qd8 33. Nc5+ Bxc5
34. Rxc5 Qc7 35. Qd3 Qb7 36. Qh7 Nd8 37. Rxc8 Qxc8 38. Bg5 Qc3 39. Qg7 Qxd4+ 40.
Kh1 Kc8 41. Qf6 Nc6 42. f4 Qd1+ 43. Kh2 Qd3 44. Qxf7 Qf5 45. Qxh5 d4 46. Qf3 Kd7
47. Qa3 Qh7+ 48. Kg3 Qc2 49. Qd6+ Kc8 50. Qxe6+ Kc7 51. Qd6+ Kb7 52. e6 d3 53.
f5 Qb3 54. Qd7+ Kb6 55. Be3+ Kb5 56. Qb7+ 1-0